000 00537nam a2200193Ia 4500
005 20250508154100.0
008 008 250505s9999 xx 000 0 eng d
037 _aTextual
040 _aFEDL
_beng
_cFEDL
041 _aeng
_2eng
084 _a100.97, BRI
_qFEDL
100 _aBrinton Crane
245 0 _aIdeas and men: The story of western thought
260 _aEnglewood Cliffs
_b Prentice-Hall
_c1950
300 _aix,597p.
650 _aPhilosophy
942 _cTEXL
_h100.97, BRI
999 _c1347511
_d1347511